[Event "4NCL Online Division 4"]
[Site "online"]
[Date "2022.03.08"]
[EventDate "2022.03.08"]
[Round "4.43"]
[White "Gray, Paul"]
[WhiteElo "1589"]
[WhiteTeam "Devana Corieltauvorum"]
[Black "Evans, Alf"]
[BlackElo "1297"]
[BlackTeam "Shropshire and Friends 6"]
[Result "1-0"]
[PlyCount "135"]

1. e4 c5 2. Nf3 d6 3. d4 cxd4 4. Nxd4 a6 5. Nc3 e6 6. Nf3 Nf6 7. Bd3 Be7 8. h3 b5 9. a3 Bb7 10. O-O Nbd7 11. b4 O-O 12. Nh2 Ne5 13. Nf3 Qc7 14. Bb2 Nxf3+ 15. Qxf3 Rac8 16. Rac1 Rfd8 17. Ne2 e5 18. Ng3 Rb8 19. Nf5 Bc8 20. Nxe7+ Qxe7 21. Qe3 Be6 22. Rfd1 Nh5 23. Bc3 Nf4 24. Bd2 Qg5 25. Qg3 Qxg3 26. fxg3 Ng6 27. Be2 Rbc8 28. Be3 Rc3 29. Bc5 Rc8 30. Rxd6 Rxa3 31. Rcd1 h6 32. Kf2 Kh7 33. Rb6 Ra2 34. Bd3 Bc4 35. Bxc4 bxc4 36. Kf3 Rxc2 37. Rxa6 Rc3+ 38. Kf2 Rd3 39. Raa1 Rcd8 40. Rxd3 Rxd3 41. Rc1 c3 42. Be3 Ne7 43. Ke2 Rd7 44. Rxc3 Rb7 45. Rb3 Nc6 46. b5 Nd4+ 47. Bxd4 exd4 48. Kd3 Rd7 49. b6 Rb7 50. Kxd4 Kg6 51. Rb5 Kf6 52. g4 Ke6 53. g3 Kd6 54. h4 g6 55. Rb4 Kc6 56. Ke5 Rxb6 57. Rxb6+ Kxb6 58. Kf6 Kc6 59. e5 Kd5 60. Kxf7 Kxe5 61. Kxg6 Ke6 62. Kxh6 Kf7 63. g5 Kg8 64. Kg6 Kh8 65. Kf7 Kh7 66. g6+ Kh8 67. g7+ Kh7 68. g8=R 1-0

[Event "4NCL Online Division 4"]
[Site "online"]
[Date "2022.03.08"]
[EventDate "2022.03.08"]
[Round "4.44"]
[White "Ayres, Martin"]
[WhiteElo "1216"]
[WhiteTeam "Shropshire and Friends 6"]
[Black "Pettitt, David"]
[BlackElo "1611"]
[BlackTeam "Devana Corieltauvorum"]
[Result "0-1"]
[PlyCount "59"]

1. d4 c5 2. dxc5 e6 3. c4 Bxc5 4. Nc3 Nc6 5. e3 Nf6 6. Nf3 O-O 7. Bd3 a6 8. a3 Qc7 9. O-O Re8 10. b4 Bf8 11. Re1 d6 12. e4 Bd7 13. Be3 e5 14. Na4 Bg4 15. c5 dxc5 16. Bxc5 Bxc5 17. Nxc5 Rad8 18. Qe2 Nd4 19. Qe3 Nxf3+ 20. gxf3 Be6 21. Rac1 Qe7 22. Rc3 Rc8 23. Rec1 Bh3 24. f4 Bg4 25. Bf1 Rc7 26. Nd3 Rxc3 27. Rxc3 exf4 28. Qxf4 Qxe4 29. Qxe4 Nxe4 30. Rc8 0-1

[Event "4NCL Online Division 4"]
[Site "online"]
[Date "2022.03.08"]
[EventDate "2022.03.08"]
[Round "4.51"]
[White "Mooney, Graham"]
[WhiteTitle "CM"]
[WhiteElo "1880"]
[WhiteTeam "Dundee City C"]
[Black "Karia, Kamlesh"]
[BlackElo "1561"]
[BlackTeam "MHJ Bishops"]
[Result "1-0"]
[PlyCount "81"]

1. e4 e5 2. Nf3 Nc6 3. Bb5 a6 4. Ba4 Nge7 5. O-O g6 6. c3 b5 7. Bb3 Bg7 8. d4 d6 9. a4 Bg4 10. Bxf7+ Kf8 11. h3 Bd7 12. Bb3 h6 13. dxe5 dxe5 14. axb5 Nb8 15. bxa6 Rxa6 16. Rxa6 Nxa6 17. Nh4 Ke8 18. Ba4 Nc5 19. Bxd7+ Nxd7 20. Qe2 Qa8 21. Rd1 Nf6 22. Re1 Qc6 23. Na3 Nd7 24. Nc2 Rf8 25. Nb4 Qf6 26. Nf3 g5 27. Nh2 c6 28. Ng4 Qg6 29. Bd2 h5 30. Nh2 Nf6 31. Na6 Kd7 32. Nc5+ Kd6 33. Qd3+ Kc7 34. Ne6+ Kb7 35. Nxf8 Bxf8 36. Qe2 Nc8 37. Nf3 Bd6 38. Bxg5 Nh7 39. Bh4 Nb6 40. Ra1 c5 41. Bd8 1-0

[Event "4NCL Online Division 4"]
[Site "online"]
[Date "2022.03.08"]
[EventDate "2022.03.08"]
[Round "4.52"]
[White "Goswami, Pratyush"]
[WhiteElo "1075"]
[WhiteTeam "MHJ Bishops"]
[Black "Kosznik, Dariusz"]
[BlackElo "1867"]
[BlackTeam "Dundee City C"]
[Result "0-1"]
[PlyCount "82"]

1. e4 e6 2. d4 d5 3. e5 c5 4. c3 Nc6 5. Nf3 Bd7 6. Be2 Nge7 7. Bg5 Qb6 8. Qd2 cxd4 9. cxd4 Nf5 10. Be3 Bb4 11. Nc3 O-O 12. O-O Rac8 13. Bd3 Nxe3 14. fxe3 f6 15. exf6 Rxf6 16. Ng5 Rh6 17. Qc2 g6 18. Rf6 Be7 19. Nxh7 Nb4 20. Qd2 Nxd3 21. Qxd3 Rxh7 22. Rxg6+ Kh8 23. Nxd5 Qxb2 24. Rb1 Rc1+ 25. Rxc1 Qxc1+ 26. Kf2 exd5 27. e4 Qf4+ 28. Kg1 Qxh2+ 29. Kf1 Qf4+ 30. Kg1 Qxe4 31. Qg3 Qxd4+ 32. Kf1 Qd1+ 33. Kf2 Bc5+ 34. Qe3 Bxe3+ 35. Kxe3 Qe1+ 36. Kf3 Qe4+ 37. Kf2 Qxg6 38. g4 Rh3 39. a4 Qc2+ 40. Kg1 Ra3 41. Kh1 Ra1# 0-1

[Event "4NCL Online Division 4"]
[Site "online"]
[Date "2022.03.08"]
[EventDate "2022.03.08"]
[Round "4.54"]
[White "Man, Felix"]
[WhiteElo "940"]
[WhiteTeam "MHJ Bishops"]
[Black "Dawson, Alastair"]
[BlackElo "1846"]
[BlackTeam "Dundee City C"]
[Result "0-1"]
[PlyCount "138"]

1. e4 c6 2. d4 d5 3. exd5 cxd5 4. Bd3 Nc6 5. Nf3 Bg4 6. c3 Nf6 7. h3 Bxf3 8. Qxf3 e6 9. O-O Be7 10. Bf4 O-O 11. Nd2 Bd6 12. Bg5 Be7 13. Qd1 Rb8 14. Nf3 b5 15. b4 Ne4 16. Bxe7 Nxe7 17. Bxe4 dxe4 18. Ng5 Qd5 19. h4 h6 20. Nh3 Qc4 21. Qb3 Rfc8 22. Rac1 Nd5 23. Rfe1 f5 24. Kh1 Rb7 25. g3 Rbc7 26. Qb2 Qd3 27. Qe2 Qxe2 28. Rxe2 Rxc3 29. Rb1 Rd3 30. Nf4 Nxf4 31. gxf4 Rxd4 32. Kg2 Kf7 33. Re3 Kf6 34. Ra3 Rc7 35. Ra5 Rd5 36. Kh2 Ke7 37. Rg1 Kd8 38. Ra6 e5 39. fxe5 Rxe5 40. Rag6 Ree7 41. Kg3 Rc4 42. Kf4 e3+ 43. Kxf5 exf2 44. Rf1 Rxh4 45. Rg2 Rxb4 46. Rgxf2 Rf7+ 47. Ke6 Rxf2 48. Rxf2 Re4+ 49. Kd6 Ke8 50. Rc2 Re7 51. Rb2 a6 52. Kc6 g5 53. Kb6 Re6+ 54. Kc7 Kf7 55. Rh2 Kg6 56. Kd7 Rf6 57. Re2 h5 58. Rc2 g4 59. Ke7 g3 60. Rc8 Kg7 61. Rc1 g2 62. Rg1 Rg6 63. Ke8 h4 64. Ke7 h3 65. Ke8 h2 66. Ke7 hxg1=Q 67. Ke8 Qa7 68. a4 Rh6 69. a5 Rh8# 0-1

[Event "4NCL Online Division 4"]
[Site "online"]
[Date "2022.03.08"]
[EventDate "2022.03.08"]
[Round "4.61"]
[White "Ash, Thomas"]
[WhiteElo "1700"]
[WhiteTeam "Downend 2"]
[Black "Jenkins, Simon"]
[BlackElo "1513"]
[BlackTeam "Lerryn Clowns"]
[Result "0-1"]
[PlyCount "132"]

1. c4 e5 2. Nc3 Bc5 3. g3 d6 4. Bg2 c6 5. e3 f5 6. Nge2 Nf6 7. d4 exd4 8. exd4 Bb6 9. O-O O-O 10. Be3 Bc7 11. h3 Be6 12. b3 d5 13. c5 Nbd7 14. b4 Ne4 15. Qc2 Ndf6 16. Bf4 Nh5 17. Bxc7 Qxc7 18. Bf3 Qf7 19. Bxh5 Qxh5 20. Nf4 Qh6 21. Nxe6 Qxe6 22. a4 Ng5 23. h4 Nf3+ 24. Kg2 Nxd4 25. Qd3 Qf6 26. b5 Ne6 27. bxc6 bxc6 28. Rad1 f4 29. Rfe1 f3+ 30. Kh2 Nxc5 31. Qc2 Na6 32. Rb1 Rab8 33. Nd1 Nb4 34. Qd2 a5 35. Ne3 Qg6 36. Red1 Qe6 37. Rbc1 Rf6 38. Re1 Rh6 39. Nc4 Qc8 40. Nxa5 Qc7 41. Qf4 Qxf4 42. gxf4 Nd3 43. Nxc6 Rxc6 44. Rxc6 Nxe1 45. a5 Ra8 46. a6 Ra7 47. Rd6 Kf7 48. Kg3 Ke7 49. Rxd5 Rxa6 50. Rg5 Kf7 51. Rf5+ Rf6 52. Re5 Re6 53. Rd5 h6 54. Kg4 Rg6+ 55. Kf5 Re6 56. h5 Re2 57. Rd7+ Kf8 58. Kg6 Rxf2 59. Rf7+ Ke8 60. Rxg7 Rg2+ 61. Kh7 Rxg7+ 62. Kxg7 f2 63. Kxh6 f1=Q 64. Kg7 Qxf4 65. h6 Qg4+ 66. Kh7 Kf7 0-1

[Event "4NCL Online Division 4"]
[Site "online"]
[Date "2022.03.08"]
[EventDate "2022.03.08"]
[Round "4.62"]
[White "Reid, Mark"]
[WhiteElo "1455"]
[WhiteTeam "Lerryn Clowns"]
[Black "Meadows, James"]
[BlackElo "1700"]
[BlackTeam "Downend 2"]
[Result "0-1"]
[PlyCount "122"]

1. d4 g6 2. c4 Nf6 3. Nc3 Bg7 4. e4 d6 5. h3 O-O 6. Nf3 Nbd7 7. Be3 e5 8. dxe5 Nxe5 9. Nxe5 dxe5 10. Qxd8 Rxd8 11. Bg5 c6 12. Be2 Be6 13. O-O h6 14. Be3 Rd7 15. Rad1 b6 16. b3 Rad8 17. Rxd7 Rxd7 18. Rd1 Rxd1+ 19. Bxd1 Bf8 20. Bc2 Kg7 21. Nb1 Bc8 22. Nd2 Bb4 23. Nf3 Nd7 24. Bc1 Bc3 25. Ba3 c5 26. Bc1 Bb7 27. Nh2 h5 28. Nf1 Nf6 29. f3 h4 30. Bg5 Nd7 31. Bxh4 f6 32. Ne3 Bd4 33. Bf2 Kh6 34. Kf1 Kg5 35. Nd5 Bc8 36. Be3+ Kh5 37. Bd1 g5 38. Be2 Kh6 39. Kf2 Kg7 40. Ne7 Bb7 41. Nf5+ Kg6 42. Bd3 Nf8 43. h4 Ne6 44. hxg5 Nxg5 45. Bxd4 cxd4 46. Nd6 Ba6 47. g3 Ne6 48. b4 Nd8 49. Ke2 Kg7 50. a4 Kf8 51. f4 Ke7 52. Nb5 Nc6 53. fxe5 fxe5 54. g4 Kf6 55. Nc3 Nxb4 56. Nd5+ Nxd5 57. cxd5 Bc8 58. Kf3 Kg5 59. Be2 Bxg4+ 60. Kg3 Bxe2 61. d6 Kf6 0-1

[Event "4NCL Online Division 4"]
[Site "online"]
[Date "2022.03.08"]
[EventDate "2022.03.08"]
[Round "4.63"]
[White "Walsh, Shaun"]
[WhiteElo "1433"]
[WhiteTeam "Downend 2"]
[Black "Jenkins, David R"]
[BlackElo "1398"]
[BlackTeam "Lerryn Clowns"]
[Result "1-0"]
[PlyCount "101"]

1. e4 e5 2. Nf3 f5 3. Nxe5 Qf6 4. Nc4 fxe4 5. Qh5+ g6 6. Qe5+ Qxe5 7. Nxe5 d6 8. Nc4 Be6 9. Nc3 Nf6 10. d3 d5 11. Nd2 Bb4 12. Nb5 Bxd2+ 13. Bxd2 Kd7 14. Bf4 Ne8 15. dxe4 c6 16. exd5 Bxd5 17. Nc3 Nf6 18. O-O-O Re8 19. Bc4 Ke6 20. Rhe1+ Kf7 21. Rxe8 Kxe8 22. Nxd5 cxd5 23. Bxd5 Nxd5 24. Rxd5 Nd7 25. f3 Rc8 26. Be3 a6 27. Rd4 Rc6 28. Rb4 b5 29. a4 bxa4 30. Rxa4 Re6 31. Bd2 Nc5 32. Rc4 Nd7 33. Kd1 Kf7 34. Rc7 Rd6 35. Kc1 Ke6 36. b4 h5 37. c4 Rd3 38. Rc6+ Kf5 39. Rxa6 Ne5 40. c5 Nc4 41. Ra2 Ke6 42. Rc2 Kd5 43. Rc3 Rxd2 44. Rxc4 Rxg2 45. Rc2 Rg1+ 46. Kb2 Kc6 47. b5+ Kxb5 48. c6 Rg5 49. c7 Kb6 50. c8=Q Rb5+ 51. Kc1 1-0

[Event "4NCL Online Division 4"]
[Site "online"]
[Date "2022.03.08"]
[EventDate "2022.03.08"]
[Round "4.64"]
[White "Hendin, Richard"]
[WhiteElo "1314"]
[WhiteTeam "Lerryn Clowns"]
[Black "Bleeg, Elliott"]
[BlackElo "1314"]
[BlackTeam "Downend 2"]
[Result "1-0"]
[PlyCount "77"]

1. d4 d5 2. Nc3 Nf6 3. Bf4 e6 4. e3 Be7 5. Bd3 O-O 6. h3 Nbd7 7. g4 b6 8. f3 Bb7 9. g5 Nh5 10. h4 c5 11. dxc5 bxc5 12. Nh3 c4 13. Be2 Nxf4 14. Nxf4 Bc5 15. Qd2 Qb6 16. Na4 Bxe3 17. Nxb6 Bxd2+ 18. Kxd2 Nxb6 19. h5 g6 20. hxg6 hxg6 21. Rh6 Kg7 22. Rah1 Rh8 23. Rxh8 Rxh8 24. Rxh8 Kxh8 25. b3 e5 26. Ng2 Ba6 27. c3 cxb3 28. axb3 Bxe2 29. Kxe2 a5 30. Ne3 Kg7 31. Ng4 Nd7 32. Kd3 f6 33. gxf6+ Kf7 34. c4 dxc4+ 35. Kxc4 Ke6 36. Kb5 Kf5 37. Kxa5 Kf4 38. f7 Kxf3 39. Nxe5+ 1-0

[Event "4NCL Online Division 4"]
[Site "online"]
[Date "2022.03.08"]
[EventDate "2022.03.08"]
[Round "4.71"]
[White "Jenkins, Paul"]
[WhiteElo "1500"]
[WhiteTeam "Bishop Knights"]
[Black "Hope, Russell"]
[BlackElo "1663"]
[BlackTeam "Guildford Castles 2"]
[Result "1-0"]
[PlyCount "57"]

1. e4 e5 2. Nf3 Nc6 3. Bb5 d6 4. O-O Bg4 5. c3 Ne7 6. d4 a6 7. Bc4 Qd7 8. h3 Bh5 9. Re1 O-O-O 10. d5 Nb8 11. Nbd2 f5 12. Nxe5 Bxd1 13. Nxd7 Bc2 14. Nxb8 Kxb8 15. exf5 Bxf5 16. Nb3 g6 17. Bg5 Rd7 18. g4 Bc2 19. Nd4 Ba4 20. Bf6 Rg8 21. Re6 Nc8 22. b3 Bb5 23. Bxb5 axb5 24. Re8 Rf7 25. g5 h6 26. Rae1 hxg5 27. Rxc8+ Kxc8 28. Re8+ Kd7 29. Rd8# 1-0

[Event "4NCL Online Division 4"]
[Site "online"]
[Date "2022.03.08"]
[EventDate "2022.03.08"]
[Round "4.72"]
[White "Yeadon, Jake"]
[WhiteElo "1640"]
[WhiteTeam "Guildford Castles 2"]
[Black "Siddle, Michael"]
[BlackElo "1432"]
[BlackTeam "Bishop Knights"]
[Result "0-1"]
[PlyCount "60"]

1. d4 Nf6 2. Nf3 b6 3. c4 Bb7 4. d5 g6 5. Nc3 Bg7 6. e4 d6 7. Bd3 Nbd7 8. O-O O-O 9. Re1 Re8 10. Qc2 Nc5 11. Be2 c6 12. b4 Ncd7 13. Bb2 cxd5 14. exd5 Rc8 15. Rad1 Ng4 16. Nd4 Nge5 17. f4 Nxc4 18. Bxc4 Rxc4 19. Nde2 Qc7 20. a3 Nf6 21. Nd4 a6 22. b5 Nxd5 23. Nxd5 Bxd5 24. Qe2 e6 25. bxa6 Qc5 26. Qd3 e5 27. Kh1 e4 28. Qe3 Ba8 29. Re2 d5 30. Rde1 Bxd4 0-1

[Event "4NCL Online Division 4"]
[Site "online"]
[Date "2022.03.08"]
[EventDate "2022.03.08"]
[Round "4.73"]
[White "Edmundson, Deborah"]
[WhiteElo "1331"]
[WhiteTeam "Bishop Knights"]
[Black "Garrood, Anthony"]
[BlackElo "1526"]
[BlackTeam "Guildford Castles 2"]
[Result "1/2-1/2"]
[PlyCount "151"]

1. c4 Nf6 2. d4 g6 3. Nc3 d5 4. e3 Bg7 5. Nf3 O-O 6. Be2 c6 7. O-O Re8 8. Ne5 Nbd7 9. cxd5 Nxe5 10. dxe5 Nxd5 11. Nxd5 cxd5 12. f4 a6 13. Bf3 e6 14. b3 Qb6 15. Re1 Bd7 16. Bb2 Rac8 17. Bd4 Qc6 18. Qd2 Qc2 19. Qb4 Qc6 20. Qa3 Bf8 21. b4 Qa4 22. Qxa4 Bxa4 23. a3 Rc6 24. Rec1 Rec8 25. Rxc6 Rxc6 26. h4 Be7 27. h5 Bh4 28. Kh2 Kg7 29. Kh3 Be7 30. Kg3 f6 31. exf6+ Bxf6 32. Bxf6+ Kxf6 33. hxg6 hxg6 34. Kg4 Rc3 35. e4 dxe4 36. Bxe4 Bc6 37. Bxc6 Rxc6 38. g3 Rc3 39. a4 Rb3 40. b5 axb5 41. a5 b4 42. Ra2 Rb1 43. Ra4 Rb3 44. Kh4 Kf5 45. Kh3 g5 46. fxg5 Kxg5 47. a6 bxa6 48. Rxa6 e5 49. Ra5 Re3 50. Rb5 b3 51. Rb4 Kf5 52. Kh4 Re4+ 53. g4+ Kf4 54. Rxb3 Re2 55. Rb4+ e4 56. Kh3 Re1 57. Rb2 Re3+ 58. Kh4 Re1 59. Rf2+ Ke3 60. Rf5 Rh1+ 61. Kg5 Kd3 62. Kf4 e3 63. Rd5+ Ke2 64. Re5 Rf1+ 65. Ke4 Rf8 66. g5 Rg8 67. Kd4 Kf2 68. Rf5+ Ke2 69. Re5 Kd2 70. Rxe3 Rxg5 71. Rd3+ Kc2 72. Rc3+ Kd2 73. Rd3+ Kc2 74. Kc4 Rg4+ 75. Rd4 Rxd4+ 76. Kxd4 1/2-1/2

[Event "4NCL Online Division 4"]
[Site "online"]
[Date "2022.03.08"]
[EventDate "2022.03.08"]
[Round "4.74"]
[White "Celebi, Serhan"]
[WhiteElo "1553"]
[WhiteTeam "Guildford Castles 2"]
[Black "Brown, Fergus"]
[BlackElo "1295"]
[BlackTeam "Bishop Knights"]
[Result "1-0"]
[PlyCount "59"]

1. e4 e5 2. Nf3 Nc6 3. Bb5 a6 4. Ba4 Nf6 5. d3 b5 6. Bb3 Be7 7. c3 d5 8. exd5 Nxd5 9. h3 O-O 10. O-O Bf5 11. Re1 Bf6 12. Nbd2 Bxd3 13. Nf1 Nf4 14. Ng3 Re8 15. Bxf4 Bg6 16. Be3 h5 17. Bd5 Qd6 18. Ne4 Bxe4 19. Bxe4 Rad8 20. Qxd6 Rxd6 21. Bc5 Rde6 22. Red1 Ne7 23. Rd7 Rc8 24. Rad1 Kh8 25. Rd8+ Rxd8 26. Rxd8+ Ng8 27. Rd7 g6 28. Rxf7 Re8 29. Bxg6 Re7 30. Bxe7 1-0

[Event "4NCL Online Division 4"]
[Site "online"]
[Date "2022.03.08"]
[EventDate "2022.03.08"]
[Round "4.82"]
[White "Pinto, Phil B"]
[WhiteElo "1723"]
[WhiteTeam "Wessex Some Stars E"]
[Black "Marsden, Christopher"]
[BlackElo "1579"]
[BlackTeam "Hebden Bridge 3"]
[Result "0-1"]
[PlyCount "82"]

1. Nf3 Nc6 2. d4 d5 3. e3 a6 4. c4 Nf6 5. Nc3 Bg4 6. cxd5 Nxd5 7. Be2 e6 8. O-O Be7 9. Bd2 O-O 10. h3 Bh5 11. a3 Bg6 12. Nxd5 Qxd5 13. Rc1 Rac8 14. Bc4 Qd7 15. Bc3 Bf6 16. d5 exd5 17. Bxf6 gxf6 18. Bxd5 Rcd8 19. Bxc6 bxc6 20. Qxd7 Rxd7 21. Rxc6 Kg7 22. Rfc1 Rc8 23. Rxa6 c5 24. Rb6 c4 25. Nd4 Bd3 26. Rb4 Rdc7 27. a4 Kg6 28. a5 Ra7 29. Ra1 Rc5 30. Rba4 f5 31. f4 h5 32. h4 Kf6 33. a6 c3 34. bxc3 Rxc3 35. Kf2 Ke7 36. Ra5 Kf6 37. R1a2 Rc1 38. Nb5 Ra8 39. a7 Rg8 40. Ra1 Rc2+ 41. Kf3 Be4# 0-1

[Event "4NCL Online Division 4"]
[Site "online"]
[Date "2022.03.08"]
[EventDate "2022.03.08"]
[Round "4.83"]
[White "Sullivan, Terry"]
[WhiteElo "1379"]
[WhiteTeam "Hebden Bridge 3"]
[Black "Syed, Ashraf"]
[BlackElo "1717"]
[BlackTeam "Wessex Some Stars E"]
[Result "0-1"]
[PlyCount "94"]

1. d4 d6 2. Nf3 Nf6 3. c4 c6 4. Bf4 Qa5+ 5. Qd2 Qc7 6. Nc3 Bg4 7. h3 Bxf3 8. exf3 e5 9. Bg5 Be7 10. d5 Nbd7 11. Bd3 Qb6 12. O-O O-O 13. Rae1 Rfe8 14. Bf5 Rad8 15. Be3 Qc7 16. b3 g6 17. Be4 Nh5 18. b4 f5 19. Bd3 f4 20. Bxa7 Ra8 21. dxc6 bxc6 22. Nd5 Qxa7 23. Nxe7+ Rxe7 24. Ra1 Qd4 25. Kh2 Ra3 26. Rfd1 Qc3 27. Be4 d5 28. cxd5 Qxd2 29. Rxd2 Nhf6 30. dxc6 Nb6 31. Rc1 Nxe4 32. fxe4 Rc7 33. b5 Ra4 34. f3 Rd4 35. Rdc2 Rb4 36. Rc5 Na4 37. Rxe5 Kf7 38. Rd5 Ke6 39. Rc2 h6 40. Rd8 Rxb5 41. Re8+ Kf7 42. Rh8 Kg7 43. Rd8 Nb6 44. a4 Ra5 45. Rc4 Nxc4 46. Rd7+ Rxd7 47. cxd7 Ra8 0-1

[Event "4NCL Online Division 4"]
[Site "online"]
[Date "2022.03.08"]
[EventDate "2022.03.08"]
[Round "4.84"]
[White "Doyle, Jamie"]
[WhiteElo "1684"]
[WhiteTeam "Wessex Some Stars E"]
[Black "Nolan, Matthew"]
[BlackElo "1200"]
[BlackTeam "Hebden Bridge 3"]
[Result "1-0"]
[PlyCount "49"]

1. e4 c6 2. d4 d5 3. e5 Bf5 4. Nc3 e6 5. Be3 Be7 6. Nf3 f6 7. Bd3 Bg6 8. Bxg6+ hxg6 9. Qd2 Nd7 10. O-O-O c5 11. Qd3 f5 12. dxc5 Nxc5 13. Bxc5 Bxc5 14. Qb5+ Kf7 15. Qxc5 Ne7 16. Ng5+ Kg8 17. Nxe6 Qb6 18. Qxe7 Rh7 19. Rxd5 Qxf2 20. Rhd1 Qe3+ 21. Kb1 Qb6 22. Rd8+ Rxd8 23. Rxd8+ Qxd8 24. Qxd8+ Kf7 25. Ng5# 1-0

[Event "4NCL Online Division 4"]
[Site "online"]
[Date "2022.03.08"]
[EventDate "2022.03.08"]
[Round "4.91"]
[White "Chung, Vince"]
[WhiteElo "1417"]
[WhiteTeam "Colchester JFF B"]
[Black "Nargund, Soumya"]
[BlackElo "1353"]
[BlackTeam "Uxbridge D"]
[Result "0-1"]
[PlyCount "58"]

1. e4 c5 2. d4 cxd4 3. c3 Nc6 4. cxd4 g6 5. Nf3 Bg7 6. b3 e6 7. Bb2 d5 8. exd5 exd5 9. Be2 Nge7 10. O-O O-O 11. Na3 a6 12. Nc2 Re8 13. Re1 Bg4 14. a3 Qb6 15. b4 a5 16. Ne5 Nxe5 17. dxe5 Bxe2 18. Rxe2 Rad8 19. Rd2 Rd7 20. Qg4 Red8 21. Rad1 Nc6 22. Qf4 Ne7 23. Rd3 Qc6 24. Nd4 Qc4 25. Rc3 Qa2 26. Rd2 Rc8 27. Rf3 Qb1+ 28. Bc1 Qxc1+ 29. Rd1 Qxd1# 0-1

[Event "4NCL Online Division 4"]
[Site "online"]
[Date "2022.03.08"]
[EventDate "2022.03.08"]
[Round "4.92"]
[White "Boby, Shawn"]
[WhiteElo "1300"]
[WhiteTeam "Uxbridge D"]
[Black "Balaggan, Karam S"]
[BlackElo "1315"]
[BlackTeam "Colchester JFF B"]
[Result "1/2-1/2"]
[PlyCount "155"]

1. d4 d5 2. Bf4 e6 3. Nf3 Nf6 4. Nbd2 Be7 5. c4 O-O 6. e3 Nbd7 7. Be2 b6 8. O-O Bb7 9. Qc2 c5 10. Rac1 Rc8 11. Qd3 Nh5 12. Bg3 Nxg3 13. fxg3 Nf6 14. Ne5 dxc4 15. Ndxc4 Be4 16. Qd2 Qd5 17. Bf3 cxd4 18. Qxd4 Qxd4 19. exd4 Bxf3 20. Rxf3 Rfd8 21. Rd1 b5 22. Na5 Rc2 23. Nac6 Re8 24. Nxe7+ Rxe7 25. Rb3 a6 26. Rf1 Rd2 27. Rb4 Nd5 28. Nc6 Rc7 29. Rc1 Kf8 30. Rb3 h6 31. a4 f5 32. axb5 axb5 33. Rxb5 Ne7 34. Rb8+ Rc8 35. Rxc8+ Nxc8 36. Nd8 Ne7 37. Nxe6+ Kf7 38. Nf4 Rxd4 39. Rc7 Ke8 40. Ne6 Rd1+ 41. Kf2 Kf7 42. Nxg7 Kf6 43. Nh5+ Kf7 44. Rc2 Kg6 45. Nf4+ Kg5 46. Ne6+ Kf6 47. Nf4 Ke5 48. Re2+ Kf6 49. Nh5+ Kf7 50. Nf4 Kf6 51. Re6+ Kf7 52. Rxh6 Kg7 53. Re6 Kf7 54. Re2 Kf6 55. Nh5+ Kf7 56. Ng7 Kf6 57. Rxe7 Kxe7 58. Nxf5+ Kf6 59. Ne3 Rd2+ 60. Kf3 Rxb2 61. g4 Ra2 62. h4 Ra8 63. g5+ Kg6 64. g4 Rf8+ 65. Kg3 Re8 66. Kf4 Rf8+ 67. Nf5 Rh8 68. h5+ Kf7 69. g6+ Kg8 70. h6 Rxh6 71. Nxh6+ Kg7 72. Kg5 Kh8 73. Nf5 Kg8 74. Kf6 Kh8 75. g7+ Kg8 76. Ne7+ Kh7 77. Kf7 Kh6 78. g8=Q 1/2-1/2

[Event "4NCL Online Division 4"]
[Site "online"]
[Date "2022.03.08"]
[EventDate "2022.03.08"]
[Round "4.93"]
[White "Beer, James"]
[WhiteElo "1275"]
[WhiteTeam "Colchester JFF B"]
[Black "Nargund, Sujan"]
[BlackElo "1284"]
[BlackTeam "Uxbridge D"]
[Result "0-1"]
[PlyCount "58"]

1. e4 c5 2. Nf3 Nc6 3. Bc4 g6 4. d3 Bg7 5. Bd2 e6 6. Bc3 e5 7. Qd2 Nge7 8. Qe3 d6 9. Nbd2 O-O 10. O-O a6 11. Ng5 h6 12. Nh3 b5 13. Qf3 bxc4 14. Nxc4 d5 15. exd5 Qxd5 16. Nb6 Qxf3 17. gxf3 Rb8 18. Nxc8 Rbxc8 19. Rfe1 Nd5 20. f4 Nxc3 21. bxc3 exf4 22. d4 cxd4 23. cxd4 Nxd4 24. Re4 Nf3+ 25. Kg2 Nh4+ 26. Kg1 Bxa1 27. Rxf4 g5 28. Rg4 Rxc2 29. Nxg5 Rc1# 0-1

[Event "4NCL Online Division 4"]
[Site "online"]
[Date "2022.03.08"]
[EventDate "2022.03.08"]
[Round "4.94"]
[White "Jebananthan, Jeshan"]
[WhiteElo "1245"]
[WhiteTeam "Uxbridge D"]
[Black "Kariyawasam, Alexander"]
[BlackElo "1149"]
[BlackTeam "Colchester JFF B"]
[Result "1-0"]
[PlyCount "25"]

1. e4 e5 2. Nf3 Nc6 3. Bc4 Bc5 4. Nc3 Nf6 5. b3 O-O 6. Bb2 b6 7. Nd5 d6 8. d3 Nxd5 9. Bxd5 Bb7 10. d4 exd4 11. Nxd4 Qd7 12. Nf5 g6 13. Nh6# 1-0

[Event "4NCL Online Division 4"]
[Site "online"]
[Date "2022.03.08"]
[EventDate "2022.03.08"]
[Round "4.101"]
[White "Brusey, Alan W"]
[WhiteElo "2056"]
[WhiteTeam "Jurassic Coast"]
[Black "Allan, John M"]
[BlackElo "1817"]
[BlackTeam "Hebden Bridge 2"]
[Result "1/2-1/2"]
[PlyCount "134"]

1. e4 c5 2. c3 Nf6 3. e5 Nd5 4. d4 cxd4 5. cxd4 Nc6 6. Nc3 Nxc3 7. bxc3 e6 8. f4 d5 9. Nf3 Be7 10. Bd3 O-O 11. O-O f5 12. exf6 Bxf6 13. Ne5 Bxe5 14. fxe5 Rxf1+ 15. Qxf1 Bd7 16. Bd2 Qh4 17. g3 Qh5 18. Be2 Qg6 19. Bd3 Qh5 20. Qg2 Rf8 21. Rf1 Rxf1+ 22. Qxf1 a6 23. Kg2 b5 24. h3 Na5 25. g4 Qe8 26. Qb1 g6 27. Bg5 Nc4 28. Qc1 Qf7 29. Qb1 Bc6 30. Qb4 Qf8 31. Qxf8+ Kxf8 32. Kf3 Kf7 33. Ke2 Nb2 34. Bc2 Nc4 35. Bc1 Be8 36. Bd3 Bc6 37. Kd1 Kg7 38. Kc2 Kf7 39. Kb3 Ke7 40. Kb4 Kd7 41. h4 Kc7 42. h5 Be8 43. h6 Kb6 44. Kb3 Kc6 45. Bg5 Kb6 46. Kc2 Kc6 47. Kd1 Nb2+ 48. Kc2 Nxd3 49. Kxd3 Bf7 50. Bc1 Kd7 51. Ke3 g5 52. Kf3 Bg6 53. Bxg5 Ke8 54. Bc1 Kf7 55. Ke2 Be4 56. Bf4 Ke7 57. Bg5+ Kf7 58. Kd2 Kg6 59. Be3 Kf7 60. Kc1 Ke7 61. Kb2 Kd7 62. Kb3 Kc6 63. Kb4 Bf3 64. g5 Be4 65. a4 Bd3 66. a5 Be4 67. Bc1 Bd3 1/2-1/2

[Event "4NCL Online Division 4"]
[Site "online"]
[Date "2022.03.08"]
[EventDate "2022.03.08"]
[Round "4.102"]
[White "Blinkhorn, Joshua"]
[WhiteElo "1580"]
[WhiteTeam "Hebden Bridge 2"]
[Black "Li, Ethan"]
[BlackElo "1851"]
[BlackTeam "Jurassic Coast"]
[Result "0-1"]
[PlyCount "84"]

1. e4 c5 2. Nf3 Nc6 3. d4 cxd4 4. Nxd4 Qc7 5. Be3 Nf6 6. Nc3 e6 7. Qd2 Bb4 8. f3 a6 9. O-O-O b5 10. Bf4 Qb6 11. Nxc6 Qxc6 12. Be5 Be7 13. h4 b4 14. Ne2 Qc5 15. Bd6 Bxd6 16. Qxd6 Qxd6 17. Rxd6 a5 18. Nf4 Ke7 19. e5 Ne8 20. Rb6 f6 21. exf6+ gxf6 22. Bd3 d5 23. Re1 Nc7 24. Bf5 e5 25. Bxc8 Raxc8 26. Nh5 Rhf8 27. Ng3 Ne8 28. Nf5+ Kd7 29. Ra6 Rc5 30. f4 d4 31. fxe5 fxe5 32. g4 h5 33. Nh6 Rf2 34. c3 bxc3 35. b3 d3 36. Rd1 e4 37. g5 Rxa2 38. Kb1 c2+ 39. Kxa2 cxd1=Q 40. Ra7+ Nc7 41. g6 Rc2+ 42. Ka3 Qa1# 0-1

[Event "4NCL Online Division 4"]
[Site "online"]
[Date "2022.03.08"]
[EventDate "2022.03.08"]
[Round "4.103"]
[White "Keen, Charles E"]
[WhiteElo "1780"]
[WhiteTeam "Jurassic Coast"]
[Black "Hill, Ollie"]
[BlackElo "1620"]
[BlackTeam "Hebden Bridge 2"]
[Result "0-1"]
[PlyCount "117"]

1. e4 e5 2. Nf3 Nc6 3. Bb5 f5 4. d3 fxe4 5. dxe4 Nf6 6. Nc3 Bb4 7. O-O Bxc3 8. bxc3 O-O 9. Bg5 Qe8 10. Qe2 d6 11. h3 Be6 12. Bc1 Qg6 13. Bd3 Bxh3 14. Nh4 Qg4 15. Qxg4 Bxg4 16. f3 Be6 17. g4 d5 18. exd5 Bxd5 19. Ba3 Rfe8 20. Rab1 Na5 21. g5 Nh5 22. Rb5 Nc4 23. Rxd5 Ne3 24. Rd7 Nxf1 25. Kxf1 Rac8 26. Nf5 Red8 27. Ne7+ Kh8 28. Nxc8 Rxd7 29. Bf5 Rd2 30. Nxa7 Ng3+ 31. Ke1 Re2+ 32. Kd1 Re3 33. Bg4 Rxc3 34. Bb2 Rc5 35. a4 Ra5 36. Nb5 c6 37. Nc3 Rc5 38. Kd2 g6 39. Kd3 Kg7 40. Be6 Nf5 41. Ba3 Ra5 42. Bb4 Ra8 43. a5 h6 44. gxh6+ Kxh6 45. Ke4 Nd4 46. Bb3 Nxb3 47. cxb3 c5 48. Ba3 Rxa5 49. Bb2 g5 50. Kd5 Kg6 51. Ne4 b6 52. Bxe5 c4+ 53. Kd4 cxb3 54. Nc3 Kf5 55. Bc7 Ra1 56. Kd3 b5 57. Bd6 Rf1 58. Ke2 Ra1 59. Kd3 0-1